Curso preparatorio : programas : asignaturas: aritmética, geometría, gramática, dibujo lineal y dibujo natural / Escuela del Trabajo de la Excma. Diputación Provincial de Barcelona programas :
Descripción Física:
12 p. ; 21 cm
MARC
| LEADER | 00000nam a2200000Ia 4500 | ||
|---|---|---|---|
| 001 | 23516 | ||
| 008 | 160829s9999 xx 000 0 cat d | ||
| 080 | |a FU-61-62 | ||
| 110 | 2 | |a Escola del Treball (Barcelona, Catalunya) |9 54586 | |
| 245 | |a Curso preparatorio : |b programas : |b asignaturas: |b aritmética, geometría, gramática, dibujo lineal y dibujo natural / Escuela del Trabajo de la Excma. Diputación Provincial de Barcelona | ||
| 260 | |a Barcelona: |b l'Escola, [194-?] | ||
| 300 | |a 12 p. ; |c 21 cm | ||
| 650 | |a Currículums (Ensenyament) |9 48917 | ||
| 650 | |a Ensenyament tècnic |9 26880 | ||
| 710 | 1 | |a Barcelona (Catalunya : Província). |b Diputació |9 52408 | |
| 901 | |a Arxiu | ||
| 942 | |n 1 |2 udc | ||
| 952 | |0 0 |1 0 |4 0 |6 FU6162 |7 1 |9 54972 |a Arxiu |b Arxiu |d 2012-08-06 |l 0 |o FU-61-62 |p 23516 |r 2016-12-01 00:00:00 |w 2016-12-01 |y ARXIU | ||
| 999 | |c 58842 |d 58842 | ||